000 00818nmm a2200253 a 4500
001 ocm000701081
003 TR-IsHL
005 20201028125453.0
008 110704s2010 tu tur
007 cr cn
035 _a701081
_b(N$T)
050 0 4 _aHB172.5
_b.M35 2010
090 0 4 _aHB172.5
_b.M35 2010
245 1 0 _aMakro ekonomik göstergeler =
_bMacro economic indicators
_h[electronic resource]
250 _a1. bs.
260 _aİstanbul :
_bİstanbul Ticaret Odası,
_c2010
300 _a98 p.
650 4 _aEkonomi ve Finans
650 4 _aEconomics and Finance
650 0 _aMakroekonomi
650 0 _aMacroeconomics
650 7 _aBUSINESS & ECONOMICS / Economics / Macroeconomics
_2bisacsh
856 4 0 _uhttp://search.ebscohost.com/login.aspx?direct=true&scope=site&db=e011xww&AN=701081
999 _c3498
_d3498